000 01073nam a2200241Ia 4500
999 _c38433
_d38433
001 4444
003 GE_BSU
005 20190517191247.0
008 181216s1967|||| |||||||||||||| ||geo||
040 _cGE_BSU
041 _ageo
080 _a53+535+539(076) ზ–76
245 _aზოგადი ფიზიკის ლაბორატორიული კურსი : ოპტიკა და ნივთიერების აღნაგობა /
_cგ. გორდაძე ; კ. თათრიშვილი ; გ. ურუშაძე ; რედ : ლ. ბოლქვაძე.
264 _aთბილისი :
_bგანათლება,
_c1967.
300 _a30 6გვ .:
_c22 სმ.
653 _aზოგადი ფიზიკა
653 _a ფიზიკა
700 _aგორდაძე, გ
_91342
700 _aთათრიშვილი, კ
_91343
700 _aურუშაძე, გ
_91344
700 _a ბოლქვაძე, ლ
_eრედაქტორი
_91345
942 _cBK
_2udc